000 01346cam a2200349 4500
001 ABS68262
008 040909n2004 000 0 eng u
035 _a(Sirsi) u127303
100 _aCastorina, G.
245 _aNo room for confusion
260 _c2004
490 _aEstates Gazette
_v(0436) 4 September 2004, 120-121(2)
520 _aThis "Mainly for Students" article stresses the importance of drafting clear and precise conditions in a planning permission. Refers to case law raising issues related to interpretation of planning conditions.
590 _aABS
590 _aABS
650 _aPLANNING PERMISSION
650 _aPLANNING CONDITIONS
650 _aSEVENOAKS DC V SOS ENVIRONMENT AND ANOTHER
650 _aCARTER COMMERCIAL DEVELOPMENTS LTD (IN ADMINISTRATION) V SOS LOCAL GOVERNMENT AND THE REGIONS
650 _aNEWBURY DC V SOS ENVIRONMENT
650 _aKENT CC V SOS ENVIRONMENT
650 _aBERNARD WHEATCROFT LTD V SOS ENVIRONMENT
650 _aREDROW HOMES LTD V FIRST SOS
650 _aHALL AND CO LTD V SHOREHAM-BY-SEA DC
650 _aDAVENPORT V HAMMERSMITH & FULHAM LBC
650 _aHENRY BOOT HOMES LTD V BASSETLAW DC
650 _aMONMOUTHSHIRE CC V NAFW AND ANOTHER
650 _aVALIDITY
650 _aTOWN AND COUNTRY PLANNING ACT 1990
690 _aPLANNING
942 _n0
999 _c117981
_d117981